| 000 | 00865nam a22002297a 4500 | ||
|---|---|---|---|
| 005 | 20120412130027.0 | ||
| 008 | 120412t xxu||||| |||| 00| 0 eng d | ||
| 010 | _aENG-104973 | ||
| 020 |
_a9788120345287 _c395.00 |
||
| 035 | _aEN-88506 | ||
| 037 | _bDBAD/PUB | ||
| 040 |
_aDPL _bENG |
||
| 082 | _a658.4013 | ||
| 100 |
_aGopalakrishnan, N. _944976 |
||
| 245 |
_aSimplified six sigma : _cby N. Gopalakrishnan _bmethodology, tools and implementation / |
||
| 260 |
_aNew Delhi _bPHI Learning _c2012 |
||
| 270 |
_aM-97, Connaught Circus _bNew Delhi _e110001 |
||
| 300 |
_axiii,341p. _c23cm(pbk) |
||
| 500 | _aIncludes bibliographical references and index | ||
| 942 |
_2ddc _cEN _h658.4013 _mGOP |
||
| 999 |
_c64914 _d64914 |
||